[Event "SLO-chT1 West"]
[Site "Sentjur"]
[Date "2009.10.23"]
[Round "2"]
[White "Topic, Jelena"]
[Black "Karpuzi, Gjuner"]
[Result "0-1"]
[WhiteElo "1930"]
[BlackElo "1669"]
[PlyCount "42"]
[EventDate "2009.10.22"]
[EventType "team-tourn"]
[EventRounds "9"]
[EventCountry "SLO"]
[SourceTitle "EXT 2010"]
[Source "ChessBase"]
[SourceDate "2010.11.25"]
[SourceVersion "1"]
[SourceVersionDate "2010.11.25"]
[SourceQuality "1"]

1. e4 Nc6 2. Nf3 d5 3. exd5 Qxd5 4. d4 Bg4 5. Be2 0-0-0 6. Be3 e5 7. c4 Bb4+ 8. Nbd2 Qe4 9. 0-0 Bxd2 10. Nxd2 Bxe2 11. Qxe2 Nxd4 12. Qd1 Qc6 13. Qg4+ f5 14. Qxg7 Nf6 15. Bg5 Rdf8 16. f3 Rhg8 17. Qe7 Nd7 18. Be3 Nc2 19. Rac1 Nxe3 20. Rf2 Qc5 21. Qxc5 Nxc5 0-1

[Event "SLO-chT2 East"]
[Site "Brezice Maribor"]
[Date "2007.09.08"]
[Round "5"]
[White "Kukovec, Toncek"]
[Black "Karpuzi, Gjuner"]
[Result "0-1"]
[WhiteElo "1886"]
[BlackElo "1500"]
[PlyCount "72"]
[EventDate "2007.05.26"]
[EventType "team-tourn"]
[EventRounds "9"]
[EventCountry "SLO"]
[SourceTitle "EXT 2010"]
[Source "ChessBase"]
[SourceDate "2010.11.25"]
[SourceVersion "1"]
[SourceVersionDate "2010.11.25"]
[SourceQuality "1"]

1. e4 Nc6 2. Nc3 Nf6 3. d4 d5 4. e5 Ng8 5. f4 Bf5 6. a3 Qd7 7. Nf3 f6 8. Bd3 0-0-0 9. Be3 h5 10. Qe2 h4 11. 0-0-0 h3 12. Bxf5 Qxf5 13. g3 Nh6 14. Nh4 Qd7 15. Rhe1 e6 16. g4 Na5 17. Ng6 Rg8 18. Nxf8 Rdxf8 19. Rd3 Nc4 20. Rg1 Qc6 21. Rg3 fxe5 22. fxe5 Rf7 23. Bxh6 gxh6 24. b3 Nxa3 25. Kb2 Nb5 26. Rxh3 Rf4 27. Rxh6 Rgf8 28. Rf6 R8xf6 29. exf6 Rxf6 30. g5 Rf4 31. Qe5 Rf2 32. Nxb5 Qxc2+ 33. Ka3 Qa2+ 34. Kb4 a5+ 35. Kc5 Rc2+ 36. Nc3 Qa3+ 0-1

[Event "SLO-chT2 East"]
[Site "Brezice Maribor"]
[Date "2007.05.26"]
[Round "2"]
[White "Karpuzi, Gjuner"]
[Black "Skvorc, Ziga"]
[Result "1-0"]
[WhiteElo "1500"]
[BlackElo "1522"]
[PlyCount "53"]
[EventDate "2007.05.26"]
[EventType "team-tourn"]
[EventRounds "9"]
[EventCountry "SLO"]
[SourceTitle "EXT 2010"]
[Source "ChessBase"]
[SourceDate "2010.11.25"]
[SourceVersion "1"]
[SourceVersionDate "2010.11.25"]
[SourceQuality "1"]

1. e4 c5 2. Nf3 d6 3. d4 cxd4 4. Nxd4 Nf6 5. Nc3 a6 6. Bc4 e6 7. Bb3 Be7 8. Be3 Qc7 9. Qe2 Bd7 10. 0-0-0 b5 11. f3 Nc6 12. g4 Nxd4 13. Bxd4 Qc6 14. e5 Nd5 15. Nxd5 exd5 16. exd6 Qxd6 17. Bxg7 Rg8 18. Be5 Qh6+ 19. Kb1 Rg5 20. h4 Rg6 21. g5 Qh5 22. Bxd5 Rc8 23. Bf6 Be6 24. Bxe6 fxe6 25. Qxe6 Rc7 26. Rhe1 h6 27. Qxe7+ 1-0

[Event "SLO-chT2 East"]
[Site "Brezice Maribor"]
[Date "2007.05.26"]
[Round "1"]
[White "Vohl, Gregor"]
[Black "Karpuzi, Gjuner"]
[Result "0-1"]
[WhiteElo "1668"]
[BlackElo "1500"]
[PlyCount "92"]
[EventDate "2007.05.26"]
[EventType "team-tourn"]
[EventRounds "9"]
[EventCountry "SLO"]
[SourceTitle "EXT 2010"]
[Source "ChessBase"]
[SourceDate "2010.11.25"]
[SourceVersion "1"]
[SourceVersionDate "2010.11.25"]
[SourceQuality "1"]

1. e4 d5 2. exd5 Nf6 3. Nc3 Nxd5 4. Nxd5 Qxd5 5. d4 Nc6 6. Nf3 Bg4 7. Be2 0-0-0 8. Be3 e5 9. c4 Bb4+ 10. Bd2 Qe4 11. d5 Bxf3 12. gxf3 Qf5 13. Qb1 Bxd2+ 14. Kxd2 Qf4+ 15. Ke1 Nd4 16. Qc1 Nxf3+ 17. Bxf3 Qxf3 18. Rg1 Qe4+ 19. Kf1 Qd3+ 20. Ke1 Qe4+ 21. Kf1 g6 22. Qc3 Qf4 23. h3 f5 24. Rd1 e4 25. Qd4 Kb8 26. b4 Rhe8 27. Rg3 Qe5 28. Ke2 f4 29. Qxe5 Rxe5 30. Rg4 Rf8 31. a4 e3 32. f3 Kc8 33. Rd4 g5 34. h4 h6 35. h5 c6 36. dxc6 bxc6 37. Rd6 Kc7 38. Rxh6 Rd8 39. Rg1 Rd2+ 40. Ke1 Rb2 41. Rh7+ Kb6 42. Rd7 e2 43. c5+ Ka6 44. b5+ Ka5 45. Rd1 exd1Q+ 46. Kxd1 Rb1+ 0-1